[Event "EU Union-ch U14 20th"]
[Site "Mureck"]
[Date "2023.08.08"]
[Round "8"]
[White "Frydel, Marcel Karol"]
[Black "Zhu, Hans Sihan"]
[Result "1-0"]
[WhiteElo "1476"]
[BlackElo "1648"]
[PlyCount "79"]
[EventDate "2023.08.02"]
[EventType "swiss"]
[EventRounds "9"]
[EventCountry "AUT"]
[SourceTitle "EXT 2024"]
[Source "ChessBase"]
[SourceDate "2023.10.10"]
[SourceVersion "1"]
[SourceVersionDate "2023.10.10"]
[SourceQuality "1"]

1. e4 e5 2. Nf3 Nc6 3. Nc3 Nf6 4. d4 exd4 5. Nxd4 Bc5 6. Be3 Bb6 7. Nxc6 bxc6 8. Qd2 d6 9. f3 0-0 10. 0-0-0 Be6 11. g4 Nd7 12. h4 Ne5 13. Be2 Bc4 14. g5 Rb8 15. b3 Bxe2 16. Qxe2 Bxe3+ 17. Qxe3 a5 18. h5 f6 19. f4 Nf7 20. g6 Nh6 21. gxh7+ Kxh7 22. Rdg1 Rf7 23. Rg6 Qe7 24. Qa7 Rd8 25. Qd4 f5 26. Rhg1 Re8 27. exf5 Qe3+ 28. Qxe3 Rxe3 29. f6 gxf6 30. Kd2 Rh3 31. Ne4 Rxh5 32. Nxf6+ Rxf6 33. Rxf6 Rf5 34. Rxf5 Nxf5 35. Rg5 Ne7 36. Rxa5 Kg6 37. Rg5+ Kf6 38. a4 Nd5 39. Rxd5 cxd5 40. a5 1-0

[Event "EU Union-ch U14 20th"]
[Site "Mureck"]
[Date "2023.08.06"]
[Round "6"]
[White "Marxer, Constantin"]
[Black "Frydel, Marcel Karol"]
[Result "0-1"]
[WhiteElo "1238"]
[BlackElo "1476"]
[PlyCount "60"]
[EventDate "2023.08.02"]
[EventType "swiss"]
[EventRounds "9"]
[EventCountry "AUT"]
[SourceTitle "EXT 2024"]
[Source "ChessBase"]
[SourceDate "2023.10.10"]
[SourceVersion "1"]
[SourceVersionDate "2023.10.10"]
[SourceQuality "1"]

1. e4 e5 2. Nf3 Nf6 3. Nxe5 d6 4. Nf3 Nxe4 5. d4 d5 6. Bd3 Bd6 7. 0-0 0-0 8. Nbd2 Bf5 9. Re1 Re8 10. c3 Nxc3 11. Qb3 Rxe1+ 12. Nxe1 Bxd3 13. Qxb7 Bxh2+ 14. Kh1 Bf4 15. Ndf3 Bxc1 16. Qxa8 Bxb2 17. Nxd3 Bxa1 18. Nc5 Qf8 19. Qxa7 Nb5 20. Qb7 Nxd4 21. Nxd4 Bxd4 22. Nd3 c6 23. a4 g6 24. a5 Qd8 25. a6 Nd7 26. a7 Nb6 27. Qxc6 Qa8 28. Qxa8+ Nxa8 29. Nf4 Bxf2 30. Nxd5 Bxa7 0-1

[Event "EU Union-ch U14 20th"]
[Site "Mureck"]
[Date "2023.08.02"]
[Round "1"]
[White "Kononenko, Vladimir"]
[Black "Frydel, Marcel Karol"]
[Result "1-0"]
[WhiteElo "1773"]
[BlackElo "1476"]
[PlyCount "73"]
[EventDate "2023.08.02"]
[EventType "swiss"]
[EventRounds "9"]
[EventCountry "AUT"]
[SourceTitle "EXT 2024"]
[Source "ChessBase"]
[SourceDate "2023.10.10"]
[SourceVersion "1"]
[SourceVersionDate "2023.10.10"]
[SourceQuality "1"]

1. d4 d5 2. c4 c6 3. e3 Bf5 4. Qb3 Qd7 5. Nf3 dxc4 6. Bxc4 e6 7. a4 Nf6 8. 0-0 h6 9. Nc3 Bd6 10. Re1 Ne4 11. Nd2 Nxc3 12. bxc3 Qc7 13. h3 Nd7 14. e4 Bg6 15. Bxe6 0-0 16. Bc4 Nb6 17. Bf1 Rfe8 18. e5 Bf8 19. Bb2 Rad8 20. c4 Nd7 21. Nf3 Bh5 22. Nh4 Be7 23. Nf5 Bf8 24. Nh4 Be7 25. Qg3 Kh8 26. Bd3 c5 27. d5 Bxh4 28. Qxh4 Qb6 29. Rab1 Bg6 30. e6 Kg8 31. Bxg6 fxg6 32. exd7 Rxe1+ 33. Rxe1 g5 34. Re8+ Kf7 35. Qh5+ g6 36. Qf3+ Qf6 37. Qxf6# 1-0

[Event "GER-ch U25-B"]
[Site "Willingen"]
[Date "2023.05.28"]
[Round "1"]
[White "Frydel, Marcel Karol"]
[Black "Andrade, Ruben"]
[Result "0-1"]
[WhiteElo "1346"]
[BlackElo "1753"]
[PlyCount "104"]
[EventDate "2023.05.27"]
[EventType "swiss"]
[EventRounds "9"]
[EventCountry "GER"]
[SourceTitle "CBM 214 Extra"]
[Source "ChessBase"]
[SourceDate "2023.07.31"]
[SourceVersion "1"]
[SourceVersionDate "2023.07.31"]
[SourceQuality "1"]

1. e4 e5 2. Nf3 Nc6 3. Nc3 Nf6 4. d4 exd4 5. Nxd4 Bb4 6. Nxc6 bxc6 7. Bd3 h6 8. Bd2 d6 9. h3 0-0 10. 0-0 Nd7 11. Ne2 Bxd2 12. Qxd2 Ne5 13. Rfe1 Bxh3 14. Ba6 Qf6 15. f4 Qg6 16. Nd4 c5 17. fxe5 cxd4 18. exd6 Qxd6 19. gxh3 Qxa6 20. Qxd4 Rad8 21. Qe3 Rd6 22. Kh1 Rfd8 23. Rg1 Qc6 24. Rg2 Re8 25. Rag1 g5 26. h4 Rxe4 27. Qg3 Rdd4 28. Rf1 Rxh4+ 29. Kg1 Qxg2+ 30. Kxg2 Rhg4 31. Rf6 Rd2+ 32. Kf3 Rxg3+ 33. Kxg3 Rxc2 34. Rxh6 Rxb2 35. Ra6 c5 36. Rxa7 c4 37. Kg4 c3 38. Kxg5 Rb5+ 39. Kh6 Rb6+ 40. Kg5 Rc6 41. Re7 c2 42. Re1 c1Q+ 43. Rxc1 Rxc1 44. a4 Ra1 45. a5 Rxa5+ 46. Kh6 f5 47. Kg6 f4 48. Kh6 f3 49. Kg6 f2 50. Kh6 f1Q 51. Kg6 Qf7+ 52. Kh6 Rh5# 0-1

[Event "EU Union-ch U12"]
[Site "Pec pod Snezkou"]
[Date "2022.08.30"]
[Round "9"]
[White "Topencik, Bruno"]
[Black "Frydel, Marcel Karol"]
[Result "1-0"]
[WhiteElo "1334"]
[BlackElo "1271"]
[PlyCount "131"]
[EventDate "2022.08.22"]
[EventType "swiss"]
[EventRounds "9"]
[EventCountry "CZE"]
[SourceTitle "EXT 2023"]
[Source "ChessBase"]
[SourceDate "2022.10.05"]
[SourceVersion "1"]
[SourceVersionDate "2022.10.05"]
[SourceQuality "1"]

1. d4 d5 2. Nf3 Bf5 3. c4 e6 4. Nc3 c6 5. Qb3 Qb6 6. c5 Qxb3 7. axb3 Na6 8. Na2 Nf6 9. h3 g6 10. Bf4 Bg7 11. e3 Nb8 12. Nc3 0-0 13. Be2 Nbd7 14. 0-0 Ne4 15. g4 Nxc3 16. bxc3 Be4 17. Nd2 h6 18. Bd6 Rfd8 19. f3 Bxf3 20. Nxf3 Nf6 21. Be7 Rdc8 22. Bxf6 Bxf6 23. b4 a6 24. Kg2 Re8 25. Bd3 e5 26. Nxe5 Bxe5 27. dxe5 Rxe5 28. Rf3 Rae8 29. Re1 Kg7 30. Rg3 R8e7 31. Kf3 R7e6 32. Rg2 Rf6+ 33. Kg3 Rfe6 34. Rge2 Re8 35. e4 Rd8 36. exd5 Rexd5 37. Bc4 R5d7 38. Re7 Kf6 39. Rxf7+ Rxf7 40. Rf1+ Ke5 41. Rxf7 Rd2 42. Rxb7 Rc2 43. Re7+ Kf6 44. Re3 Rd2 45. Bxa6 Rd7 46. Re6+ Kxe6 47. Bc8 Ke7 48. Bxd7 Kxd7 49. c4 Ke6 50. Kf4 Kf6 51. b5 cxb5 52. cxb5 Ke6 53. Ke4 Kd7 54. Ke5 Kc7 55. Kf6 g5 56. Kg6 Kb7 57. Kxh6 Kc7 58. Kxg5 Kb7 59. h4 Kc7 60. h5 Kb7 61. h6 Kc7 62. h7 Kb7 63. h8Q Ka7 64. Qh7+ Ka8 65. c6 Kb8 66. Qb7# 1-0

[Event "EU Union-ch U12"]
[Site "Pec pod Snezkou"]
[Date "2022.08.28"]
[Round "7"]
[White "Pritulina, Nadezhda"]
[Black "Frydel, Marcel Karol"]
[Result "1/2-1/2"]
[WhiteElo "1125"]
[BlackElo "1271"]
[PlyCount "62"]
[EventDate "2022.08.22"]
[EventType "swiss"]
[EventRounds "9"]
[EventCountry "CZE"]
[SourceTitle "EXT 2023"]
[Source "ChessBase"]
[SourceDate "2022.10.05"]
[SourceVersion "1"]
[SourceVersionDate "2022.10.05"]
[SourceQuality "1"]

1. e4 e5 2. Nf3 Nf6 3. Nxe5 d6 4. Nf3 Nxe4 5. d4 d5 6. Bd3 Bd6 7. 0-0 0-0 8. c4 c6 9. Re1 Bf5 10. cxd5 cxd5 11. Nc3 Nxc3 12. bxc3 Bxd3 13. Qxd3 Nc6 14. Bg5 Qd7 15. c4 dxc4 16. Qxc4 Rac8 17. Qb5 h6 18. Bh4 Bb4 19. Red1 a6 20. Ne5 Nxe5 21. Qxb4 Nc6 22. Qd2 Qd5 23. Qb2 b5 24. f3 Rfe8 25. Rac1 Na5 26. Rxc8 Rxc8 27. Qa3 Nc4 28. Qb3 Nb6 29. Qa3 Nc4 30. Qb3 Nb6 31. Qa3 Nc4 1/2-1/2

[Event "Agneaux St Lo op"]
[Site "Agneaux"]
[Date "2022.07.13"]
[Round "7"]
[White "Bosquet, Charles"]
[Black "Frydel, Marcel Karol"]
[Result "1-0"]
[WhiteElo "1213"]
[BlackElo "1319"]
[PlyCount "71"]
[EventDate "2022.07.09"]
[EventType "swiss"]
[EventRounds "9"]
[EventCountry "FRA"]
[SourceTitle "EXT 2023"]
[Source "ChessBase"]
[SourceDate "2022.10.05"]
[SourceVersion "1"]
[SourceVersionDate "2022.10.05"]
[SourceQuality "1"]

1. e4 e5 2. Nf3 Nf6 3. Nxe5 d6 4. Nf3 Nxe4 5. Nc3 Nxc3 6. dxc3 Be7 7. Be3 Nc6 8. Qd2 0-0 9. 0-0-0 a5 10. Kb1 a4 11. a3 Ra5 12. h4 h5 13. Bg5 Bg4 14. Bxe7 Qxe7 15. Re1 Qf6 16. Ng5 g6 17. f3 Bd7 18. Be2 Ne5 19. Ne4 Qg7 20. Qf4 f5 21. Ng5 Re8 22. Qd4 Nc6 23. Bc4+ Kf8 24. Rxe8+ Bxe8 25. Ne6+ Ke7 26. Qxg7+ Bf7 27. Ng5 Rd5 28. Re1+ Kd7 29. Qxf7+ Kc8 30. Re8+ Nd8 31. Qe6+ Kb8 32. Rxd8+ Ka7 33. Qxd5 c5 34. Ra8+ Kxa8 35. Ba6 f4 36. Qxb7# 1-0

[Event "GER-ch Youth-B"]
[Site "Willingen"]
[Date "2022.06.10"]
[Round "8"]
[White "Frydel, Marcel Karol"]
[Black "Masur, Maxim"]
[Result "1/2-1/2"]
[WhiteElo "1251"]
[BlackElo "1428"]
[PlyCount "71"]
[EventDate "2022.06.04"]
[EventType "swiss"]
[EventRounds "9"]
[EventCountry "GER"]
[SourceTitle "CBM 208 Extra"]
[Source "ChessBase"]
[SourceDate "2022.07.31"]
[SourceVersion "1"]
[SourceVersionDate "2022.07.31"]
[SourceQuality "1"]

1. e4 e5 2. Nf3 Nc6 3. Nc3 Nf6 4. d4 exd4 5. Nxd4 Bb4 6. Nxc6 bxc6 7. Bd3 d5 8. exd5 cxd5 9. 0-0 0-0 10. Bg5 c6 11. Ne2 Rb8 12. Nd4 Bd7 13. c3 Bd6 14. Qc2 h6 15. Bh4 Re8 16. h3 Qc8 17. Nf5 Be5 18. Bxf6 gxf6 19. Nxh6+ Kg7 20. Nf5+ Kg8 21. f4 Bc7 22. Rf3 c5 23. Rg3+ Kf8 24. Nh6 Bxf4 25. Rg8+ Ke7 26. Re1+ Be5 27. Nf5+ Bxf5 28. Bxf5 Qb7 29. Rxe8+ Kxe8 30. Rd1 Qxb2 31. Qxb2 Rxb2 32. Rxd5 Bxc3 33. Bd7+ Ke7 34. Ba4 Be5 35. Bb5 Bd6 36. Rd3 1/2-1/2

[Event "EU-ch Schools U13"]
[Site "Rhodes"]
[Date "2022.04.26"]
[Round "6"]
[White "Frydel, Marcel Karol"]
[Black "Kostov, Troyan"]
[Result "0-1"]
[WhiteElo "1223"]
[BlackElo "1439"]
[PlyCount "162"]
[EventDate "2022.04.21"]
[EventType "swiss"]
[EventRounds "9"]
[EventCountry "GRE"]
[SourceTitle "CBM 208 Extra"]
[Source "ChessBase"]
[SourceDate "2022.07.31"]
[SourceVersion "1"]
[SourceVersionDate "2022.07.31"]
[SourceQuality "1"]

1. e4 e5 2. Nf3 Nc6 3. Nc3 Nf6 4. d4 exd4 5. Nxd4 d6 6. Nxc6 bxc6 7. e5 dxe5 8. Qxd8+ Kxd8 9. Bg5 Be7 10. Bc4 Ke8 11. 0-0-0 Nd7 12. Bxe7 Kxe7 13. Rhe1 Re8 14. Rd3 Kf8 15. Bb3 Nc5 16. Rde3 f6 17. f4 Nd7 18. Bc4 Bb7 19. Bd3 g6 20. Rh3 Kg7 21. Rhe3 Kf8 22. Rh3 Re7 23. Rf1 exf4 24. Rxf4 c5 25. Be4 Bxe4 26. Nxe4 f5 27. Ng5 Kg8 28. b3 h5 29. Rd3 Kg7 30. Ne6+ Kf7 31. Nxc7 Rc8 32. Nb5 Ra8 33. Nd6+ Kf6 34. Nb5 Nb6 35. Rd6+ Kg5 36. Rf3 h4 37. g3 h3 38. Rf2 Rb7 39. Nc3 Re8 40. Kd2 c4 41. Nd5 cxb3 42. axb3 Re5 43. Nf4 Rd7 44. Rxd7 Nxd7 45. Nxh3+ Kg4 46. Nf4 g5 47. Nd3 Re8 48. c4 Nf6 49. Re2 Rxe2+ 50. Kxe2 Kh3 51. Kf3 Kxh2 52. Nc5 Kh3 53. Nd3 Nd7 54. c5 Nb8 55. Ne5 Na6 56. c6 Nc7 57. g4 fxg4+ 58. Nxg4 Ne6 59. Nf2+ Kh4 60. Ke3 Kg3 61. Ke4 Kxf2 62. Kf5 Nc7 63. Kxg5 Ke3 64. Kf6 Kd4 65. Ke7 Kc5 66. Kd7 Kb6 67. b4 Na8 68. Kc8 a6 69. Kb8 Nc7 70. Kc8 Kxc6 71. Kb8 Kb5 72. Kxc7 Kxb4 73. Kb6 a5 74. Kb7 a4 75. Kb8 a3 76. Ka8 a2 77. Kb8 a1Q 78. Kc8 Qg7 79. Kb8 Kb5 80. Kc8 Kc6 81. Kd8 Qd7# 0-1

[Event "Styrian op U08/12 26th"]
[Site "Mureck"]
[Date "2019.08.04"]
[Round "5"]
[White "Mensah, Liam"]
[Black "Frydel, Marcel Karol"]
[Result "0-1"]
[WhiteElo "870"]
[BlackElo "1219"]
[PlyCount "88"]
[EventDate "2019.07.31"]
[EventType "swiss"]
[EventRounds "9"]
[EventCountry "AUT"]
[SourceTitle "EXT 2020"]
[Source "ChessBase"]
[SourceDate "2019.10.17"]
[SourceVersion "1"]
[SourceVersionDate "2019.10.17"]
[SourceQuality "1"]

1. e4 d5 2. e5 c5 3. c3 d4 4. Nf3 Nc6 5. h3 Bf5 6. Bb5 e6 7. cxd4 cxd4 8. Nxd4 Qxd4 9. Qf3 Nge7 10. Nc3 g6 11. g4 Qxe5+ 12. Qe2 Qxe2+ 13. Nxe2 Be4 14. Rf1 Bg7 15. f3 Bd5 16. Nf4 Rc8 17. Nxd5 Nxd5 18. d3 0-0 19. Bd2 Ncb4 20. Ke2 Rc2 21. a3 Nc6 22. Ba4 Rxb2 23. Rac1 Nce7 24. Kd1 b5 25. Bc2 a6 26. h4 b4 27. a4 b3 28. Bb1 Bd4 29. h5 Be3 30. Bc3 Bxc1 31. Kxc1 Nxc3 32. Kxb2 Nxa4+ 33. Kxb3 Nc5+ 34. Ka3 Nd5 35. Rh1 Nc3 36. Bc2 Nb5+ 37. Kb4 Nb7 38. f4 Rc8 39. Bd1 Rc5 40. Bf3 a5+ 41. Ka4 N7d6 42. Kxa5 Nd4+ 43. Kb6 Rb5+ 44. Ka6 Nxf3 0-1